000 00512nam a22001931a 4500
001 12367
003 OSt
005 20260204212323.0
008 150630s1993||||mx ||||||b||||||||||spa||
020 _a8448101049
082 _a301.01 R519t
100 _aRitzer, George
245 _aTeoría sociológica clínica / George Ritzer
264 _aMéxico : Magaw-hill
300 _avii 522 p.
500 _aIncluye bibliografía
650 _aSOCIOLOGIA - HISTORIA 2.METODOLOGIA - SOCIOLOGOÌ
942 _2ddc
_cBK
999 _c12367
_d12367